| 000 | 01709nam a2200421Ia 4500 | ||
|---|---|---|---|
| 003 | GCL | ||
| 008 | 140319s9999 xx 000 0 ara d | ||
| 040 |
_aGCL / _cGCL |
||
| 082 | 0 | 4 |
_a709 _bع ت |
| 100 | 1 | _aعفيف البهنسى | |
| 245 | 1 | 0 |
_aتاريخ الفن والعمارة من البداية حتى عصر النهضة / _cعفيف البهنسى |
| 260 |
_aالقاهرة : _bدار الشرق ، _c2003 |
||
| 300 |
_a2 مج ؛ _c30 سم |
||
| 650 | 0 | 4 | _aالفن المصرى القديم |
| 650 | 0 | 4 | _aالنحت |
| 650 | 0 | 4 | _aالفن الرومانى |
| 650 | 0 | 4 | _aالعمارة الحديثة |
| 650 | 0 | 4 | _aالفنون التشكيلية |
| 650 | 0 | 4 | _aالفن المسيحى |
| 650 | 0 | 4 | _aالفن الحديث |
| 650 | 0 | 4 | _aالتصوير |
| 650 | 0 | 4 | _aالفنون التجربية |
| 650 | 0 | 4 | _aالفنون التجريدية |
| 650 | 0 | 4 | _aالفن الاغريقى |
| 650 | 0 | 4 | _aالفن الاسلامى |
| 650 | 0 | 4 | _aالعمارة - تاريخ - عصر النهضة |
| 650 | 0 | 4 | _aالعمارة - تاريخ - القرن السادس عشر |
| 650 | 0 | 4 | _aالفن - تاريخ ونقد - عصر النهضة |
| 650 | 0 | 4 | _aالتصوير - تاريخ - عصر النهضة |
| 650 | 0 | 4 | _aالفن - تاريخ ونقد - القرن السابع عشر |
| 650 | 0 | 4 | _aالتصوير - تاريخ - اسبانيا |
| 650 | 0 | 4 | _aالتصوير - تاريخ - هولندا |
| 650 | 0 | 4 | _aالتصوير - تاريخ - المانيا |
| 650 | 0 | 4 | _aالعمارة - تاريخ - القرن الثامن عشر |
| 650 | 0 | 4 | _aالنحت - تاريخ - القرن الثامن عشر |
| 650 | 0 | 4 | _aالفن السورى القديم |
| 942 |
_2ddc _cBK |
||
| 999 |
_c9984 _d9984 |
||